LEADER 01359cam a22003134a 4500 001 000000118485 003 CaOOAMICUS 005 20091202100501.0 008 091202t2004 it b 000 0 ita r 020 $a88-420-7492-6 040 $aPUL$bita$dReb 041 1 $aita$heng 100 1 $aBrunt, Peter Astbury.$0(OLS)http://pul/name/74006 240 10$aFall of the roman Republic$lItaliano.$0(OLS)http://pul/title/149117 245 13$aLa caduta della Repubblica romana /$cP.A. Brunt ; traduzione di Franco Salvatorelli. 260 $aRoma ;$aBari :$bLaterza,$c©2004. 300 $avii, 171 p. ;$c21 cm. 490 1 $aEconomica Laterza ;$v342 504 $aBibliografia in nota. 650 4$aStoria antica.$0(OLS)http://pul/subject/8581 650 4$aRepubblica romana$xCaduta.$0(OLS)http://pul/subject/35963 700 1 $aSalvatorelli, Franco.$0(OLS)http://pul/name/74007 830 0$aEconomica Laterza ;$v342.$0(OLS)http://pul/title/39309 850 $aPUL 852 $aPUL$W1$xSL Cons. Gen., Altre Classi 3$y75$m937. 05 BRUPE 1$j135927$qDDC 21$B134915$CPULBib$Z2$F134915 $H111777 $82 941 1 $a9 996 $6020$a88-420-7492-6$9(OLS)http://pul/number/142610 996 $6245$aLa caduta della Repubblica romana$9(OLS)http://pul/title/149116 996 $6260$aRoma ;$aBari :$bLaterza$9(OLS)http://pul/publisher/57682 LEADER 01978nam a2200397 a 4500 001 000000174436 003 CaOOAMICUS 005 20210414132058.0 008 210414s2018 it d u000 u ita r 020 $a978-88-8142-118-3* 032 $aLibriCat 040 $aPUL$bita 082 00$a248.4 245 03$aLa via generativa : $bHumanae Vitae speranza di futuro / $ccon interventi di S.E. Card. Willem Eijk, Costanza Miriano, Massimo Gandolfini, Renzo Puccetti, p. Giorgio Carbone O.P., Mons. Livio Melina, don Giorgio Comini, Raffaella Pingitore, coniugi Zanelli. 260 $aPonteranica :$bedizioni Kolbe,$c2018. 300 $a166 p. :$bgrafici ;$c21 cm 500 $aA cura degli amici di Paolo VI. 504 $aBibliografia in nota a pič pagina. 610 24$aPapi (1963-1978 : Paulus PP. VI).$tHumanae vitae.$0(OLS)http://pul/subject/13622 650 4$aFamiglia$xConcezione cristiana.$0(OLS)http://pul/subject/38788 700 1 $aMiriano, Costanza.$0(OLS)http://pul/name/112082 700 1 $aEijk, Willem Jacobus.$0(OLS)http://pul/name/97251 700 1 $aGandolfo, Emilio.$0(OLS)http://pul/name/6400 700 1 $aMelina, Livio,$csac.,$d1952-$0(OLS)http://pul/name/7558 700 1 $aComini, Giorgio.$0(OLS)http://pul/name/112080 700 1 $aPuccetti, Renzo.$0(OLS)http://pul/name/112079 700 1 $aCarbone, Giorgio Maria,$cO.P.$0(OLS)http://pul/name/52879 700 1 $aPingitore, Raffaella.$0(OLS)http://pul/name/112081 850 $aPUL 852 $aPUL$W1$xSL Religione 3$y85$m241. 6 EIJWI 1$j198751$qDDC 21$B203366$CPULBib$Z2$F203366 $H134872 $82 941 1 $a9 996 $6020$a978-88-8142-118-3*$9(OLS)http://pul/number/168124 996 $6082$a248.4$9(OLS)http://pul/classification/625 996 $6245$aLa via generativa : $bHumanae Vitae speranza di futuro / $9(OLS)http://pul/title/215706 996 $6260$aPonteranica :$bedizioni Kolbe$9(OLS)http://pul/publisher/87391